000 01422nam0a22003131 4500
001 rc\495659
005 20030616171630.6
010 _a5-268-00048-9
_975000
035 _a(NLR Aleph) 005737204
090 _a4699140
_c4699140
100 _a20030616d1988 u |0rusy50 ca
101 0 _arus
102 _aRU
105 _ay |||||||||
200 1 _aМуза дальних странствий
_e[Сборник]
_fК. Паустовский
_g[Вступ. ст. А.И. Павловского, с. 5-22
_gПримеч. Л.А. Левицкого]
210 _aМ.
_cСов. Россия
_d1988
215 _a382, [1] с.
_d21
225 1 _aБиблиотека русской художественной публицистики
_fРедкол.: Ю.В. Бондарев и др.
327 1 _aСодерж.: Несколько отрывочных мыслей: Вместо предисловия; Разделы: Жизнь; Письма с пути; Дорожные разговоры
464 0 _12001#$aНесколько отрывочных мыслей
464 0 _12001#$aЖизнь
464 0 _12001#$aПисьма с пути
464 0 _12001#$aДорожные разговоры
700 1 _aПаустовский
_bК. Г.
_f1892-1968
_gКонстантин Георгиевич
801 0 _aRU
_bNLR
_gpsbo
801 1 _aRU
_bELAR
_2rusmarc
852 _aNLR
_j88-3/13263
942 _cBOOK
980 _aNB